|
|
|
|
| LEADER |
00917naa a2200229 i 4500 |
| 001 |
acta85372 |
| 005 |
20240911121914.0 |
| 008 |
240911s2024 hu o 100 eng d |
| 020 |
|
|
|a 978-963-306-993-6
|
| 040 |
|
|
|a SZTE Egyetemi Kiadványok Repozitórium
|b hun
|
| 041 |
|
|
|a eng
|
| 100 |
1 |
|
|a Muzsai Lajos
|
| 245 |
1 |
0 |
|a Transformer-based log anomaly detection with cross-dataset generalization
|h [elektronikus dokumentum] :
|b [abstract] /
|c Muzsai Lajos
|
| 260 |
|
|
|a Szegedi Tudományegyetem - Bolyai Intézet
|b Szeged
|c 2024
|
| 300 |
|
|
|a 51
|
| 490 |
0 |
|
|a Alkalmazott Matematikai Konferencia
|
| 650 |
|
4 |
|a Természettudományok
|
| 650 |
|
4 |
|a Számítás- és információtudomány
|
| 695 |
|
|
|a Programozás - előadáskivonat
|
| 700 |
0 |
1 |
|a Lukács András
|e aut
|
| 711 |
|
|
|a Alkalmazott Matematikai Konferencia
|c Szeged
|d 2024. június 3-5.
|
| 856 |
4 |
0 |
|u http://acta.bibl.u-szeged.hu/85372/1/amk_2024_051.pdf
|z Dokumentum-elérés
|